Mapas de peligrosidad de avenidas e inundaciones: métodos, experiencias y aplicación
Saved in:
| Main Authors: | , , |
|---|---|
| Format: | Bog |
| Sprog: | spansk |
| Udgivet: |
Madrid
Instituto Geológico y Minero de España
2006
|
| Serier: | Medio Ambiente. Riesgos Geológicos, 7
|
| Fag: | |
| Tags: |
Tilføj Tag
Ingen Tags, Vær først til at tagge denne postø!
|
MARC
| LEADER | 00000nam a2200000 a 4500 | ||
|---|---|---|---|
| 001 | UCI5482 | ||
| 003 | CL-VaPUC | ||
| 008 | 080328e20060000SP |||||||||||||||||spa|d | ||
| 020 | |a 8478406328 | ||
| 082 | 0 | 4 | |a 627.464 |b DIE |2 21 |
| 100 | 0 | |a Díez Herrero, Andrés |e author |9 527875 | |
| 700 | 0 | |a Lain Huerta, Luis |e author |9 527876 | |
| 700 | 0 | |a Llorente Isidro, Miguel |e author |9 527877 | |
| 245 | 1 | 0 | |a Mapas de peligrosidad de avenidas e inundaciones: métodos, experiencias y aplicación |
| 300 | |a 230 p | ||
| 942 | |c BK | ||
| 945 | |d 20080328 00:00:00 |a jtorresc | ||
| 260 | |a Madrid |b Instituto Geológico y Minero de España |c 2006 | ||
| 650 | 0 | |a Desastres naturales |9 269276 | |
| 650 | 0 | |a Inundaciones |9 308711 | |
| 650 | 7 | |a CONTROL DE INUDACIONES |2 CL-VaPUC |9 527878 | |
| 650 | 0 | |a Climatología |9 262302 | |
| 650 | 0 | |a Hidrología |9 261396 | |
| 650 | 0 | |a Cartografía |9 266055 | |
| 651 | 0 | |a España |9 254926 | |
| 583 | |a last modification |c 20080328 00:00:00 |k Rodrigo Vera | ||
| 490 | 0 | |a Medio Ambiente. Riesgos Geológicos, 7 | |
| 999 | |c 329220 |d 329218 | ||
| 952 | |0 0 |1 0 |4 0 |6 627_464000000000000_DIE_2006 |7 0 |8 A |9 413589 |a BIBING |b BIBING |d 2019-11-22 |i 4420942 |l 1 |m 2 |o 627.464 DIE 2006 |p 4420942 |r 2025-01-20 |s 2023-05-19 |w 2019-11-22 |y BK |k GEO | ||